000 00664nam a22002177a 4500
999 _c12882
_d12882
003 AR-CdUCM
008 190410b ||||| |||| 00| 0 spa d
040 _aMUNICIPALIDAD PROVINCIAL DEL CUSCO
_cBIBLIOTECA MUNICIPAL DEL CUSCO
082 _aEP / 372 /
_bC36
100 _aCateriano, Pedro
_925285
245 _aCuentos para niños selección de Pedro Cateriano /
260 _aLima :
_bTierra Nueva,
_c1958.
300 _a93 paginas :
_bIlustraciones,
_c17 cm.
500 _aLiteratura y cuentos
650 _aLiteratura
_983
650 _aCuentos
_9217
650 _aHistoria
_9136
650 _aPerú
_935
942 _2ddc
_cLIBROS
945 _apjha
_d2019-04-10